00443cam a22001097a 4500008004000000082002900040100002500069245011800094260004900212300001100261440006100272180718bn.d. xxu||||| |||| 00| 0 eng d aA81x54 In2/71/21/PT10C/J aCensus of India 1971 aUttar Pradesh district census handbook, Jalaun: analytical report and administrative statistics and census tables aLucknowbDirector of Census Operationscn.d. a316+p. aCensus of India 1971. Series-21, Uttar Pradesh. Part X-C